000 00601nam a2200241Ia 4500
003 OSt
005 20250627093253.0
008 210423s2007 xx 000 0 und d
020 _a978-1-4129-4599-8
040 _cAL
041 _aeng
082 _a070.1
_223
_bBRIN
100 _aPaul Brighton
_9102181
245 _aNews values
260 _aLondon
_bSage Publications
_c2007
300 _aviii,205p
_bHB
365 _b8137.5
_cINR
650 _aJournalism & Media
_9102182
650 _aMass Media
_9102183
700 _aFoy, Dennis
_9216239
906 _aNews ; values
942 _2ddc
_cBK
999 _c165803
_d165803